drapeaux facile #2 - Statistiques

Statistiques générales
  • Ce quiz a été pris 127 fois
  • Le résultat moyen est 12 sur 13
Statistiques - réponses
Par images Réponse % Correct
suisse
99%
argentine
95%
belgique
95%
irlande
95%
italie
95%
corée du sud
94%
pays-bas
91%
suede
90%
croatie
89%
Nigeria
80%
chili
78%
Viêt Nam
77%
republique démocratique du congo
74%
Aucun quiz correspondant
Distribution des résultats
% des personnes avec chaque résultat
Percentile par nombre de réponses
Votre historique - résultats
Vous n’avez pas pris ce quiz